Advanced genetics
Guardat en:
| Autor principal: | |
|---|---|
| Format: | Llibre |
| Idioma: | Undetermined |
| Publicat: |
Pangbourne, England
Alpha Science International Ltd.
2002
|
| Matèries: | |
| Etiquetes: |
Afegir etiqueta
Sense etiquetes, Sigues el primer a etiquetar aquest registre!
|
| Thư viện lưu trữ: | Trung tâm Học liệu Trường Đại học Cần Thơ |
|---|
| LEADER | 00533nam a2200193Ia 4500 | ||
|---|---|---|---|
| 001 | CTU_127901 | ||
| 008 | 210402s9999 xx 000 0 und d | ||
| 020 | |c 1281000 | ||
| 082 | |a 576.5 | ||
| 082 | |b M634 | ||
| 100 | |a Miglani, Gurbachan S. | ||
| 245 | 0 | |a Advanced genetics | |
| 245 | 0 | |c Gurbachan S. Miglani | |
| 260 | |a Pangbourne, England | ||
| 260 | |b Alpha Science International Ltd. | ||
| 260 | |c 2002 | ||
| 650 | |a Genetics,Di truyền học | ||
| 904 | |i Minh | ||
| 980 | |a Trung tâm Học liệu Trường Đại học Cần Thơ | ||